000 05273nam a22005537a 4500
005 20120120104554.0
010 _aB-469194-219
020 _a9788179932599
_c930.00 (set of 6 books)155.00 each
020 _a9788179933565
035 _aB-469194-219
037 _adpl
_bBlue Berry/Ven
082 _a590
100 _a Sharma, Shruti
_951087
245 _aNature's Warriors
_bby Shruti Sharma; edited by Anupama Jauhry
260 _aNew Delhi
_bThe Energy and Resources Institute, TERI Press,
_c2011
270 _aDarbari Seth Block, IHC Centre, Lodhi Road
_bNew Delhi
_e110003
300 _a30p.
_bill (col)
_c29 cm (Hb)
490 _aWork squad
_951088
500 _aage 6-8 group
700 _aJauhry, Anupama
_939785
942 _2ddc
_cCH
_mSHA
_h590
999 _c61266
_d61266